书目信息 |
| 题名: |
宝宝如厕训练方法
|
|
| 作者: | 帆足英一 著 ;《育儿金典》编译组 译 | |
| 分册: | ||
| 出版信息: | 北京 中国轻工业出版社 2001 |
|
| 页数: | 138页 | |
| 开本: | 19cm | |
| 丛书名: | 育儿金典 | |
| 单 册: | ||
| 中图分类: | R174 | |
| 科图分类: | ||
| 主题词: | 排泄--婴幼儿卫生 , 婴幼儿卫生 , 排泄 | |
| 电子资源: | ||
| ISBN: | 7-5019-2971-8 | |
| 000 | 00995oam2 2200277 45 | |
| 001 | 0123456372972 | |
| 005 | 20070730143755.81 | |
| 010 | @a7-5019-2971-8@dCNY8.00 | |
| 100 | @a20010312d2001 em y0chiy0110 ea | |
| 101 | 1 | @achi@cjpn |
| 102 | @aCN@b110000 | |
| 105 | @aa z 000yy | |
| 200 | 1 | @a宝宝如厕训练方法@Abao bao ru ce xun lian fang fa@e让孩子学会自己上厕所@f(日)帆足英一著@g《育儿金典》编译组译 |
| 210 | @a北京@c中国轻工业出版社@d2001 | |
| 215 | @a138页@c照片,插图@d19cm | |
| 225 | 2 | @a育儿金典@hⅠ |
| 330 | @a本书作者是泌尿系统方面的权威,又是研究尿床问题的第一人。作者根据一些开始对孩子进行入厕训练,但又不知从何做起的爸爸妈妈们常遇到的问题,提出了具体的训练方法和步骤。 | |
| 462 | 0 | @12001 @a育儿金典@hⅠ |
| 606 | 0 | @a排泄@x婴幼儿卫生 |
| 606 | 0 | @a婴幼儿卫生 |
| 606 | 0 | @a排泄 |
| 690 | @aR174@v4 | |
| 701 | 0 | @a帆足英一@Afan zu ying yi@4著 |
| 712 | 02 | @a《育儿金典》编译组@A《 yu er jin dian 》 bian yi zu@4译 |
| 801 | @bWHC@c20070730 | |
| 905 | @a10447@dR174@e165 | |
| 宝宝如厕训练方法:让孩子学会自己上厕所/(日)帆足英一著/《育儿金典》编译组译.-北京:中国轻工业出版社,2001 |
| 138页:照片,插图;19cm.-(育儿金典.Ⅰ) |
| ISBN 7-5019-2971-8:CNY8.00 |
| 本书作者是泌尿系统方面的权威,又是研究尿床问题的第一人。作者根据一些开始对孩子进行入厕训练,但又不知从何做起的爸爸妈妈们常遇到的问题,提出了具体的训练方法和步骤。 |
| ● |
| 相关链接 |
|
|
|
|
正题名:宝宝如厕训练方法
索取号:R174/165
 
预约/预借
| 序号 | 登录号 | 条形码 | 馆藏地/架位号 | 状态 | 备注 |
| 1 | 0789438 | 207894386 | 第二样本阅览室/ [索取号:R174/165] | 在馆 | |
| 2 | 0789439 | 207894395 | 第三借阅区/ [索取号:R174/165] | 在馆 | |
| 3 | 0789440 | 207894402 | 第三借阅区/ [索取号:R174/165] | 在馆 | |
| 4 | 0789441 | 207894411 | 第三借阅区/ [索取号:R174/165] | 在馆 | |
| 5 | 0789442 | 207894420 | 第三借阅区/ [索取号:R174/165] | 在馆 |